000
00296nam a22001337a 4500
020
_a
978-8123911021
041
_a
ENG
100
_a
Krishnamurthy .D
245
_a
Elementary Structural Design & Deawing Vol 1
260
_a
Delhi
_b
CBS PUB
_c
1999
300
_a
255
650
_a
FS
856
_u
FS
999
_c
791
_d
791